00215nam a2200085Ia 4500008004100000100002100041245003300062260001300095260002100108180219s9999 xx 000 0 und d aMunsi Preamchand 0aPreamchand Ki Anmol Kahaniya a"Mathura cGrahnth Bandhan"